000
00284nam a2200109Ia 4500
008
200302s9999 xx 000 0 und d
100
_a
Andrew Bromberg Aedas
245
_a
New Architecture in the Emerging World
260
_b
Thomson Learning, Inc.,
260
_c
2011
300
_a
379 P.,
999
_c
3114
_d
3114